000 00671nam a2200157 a 4500
008 120416s1971 ||||||||||||||||| || u
020 _a0224601172
050 _aDT 434.E2 Bli
100 _aBlixen, Karen
245 1 0 _aOut of Africa
260 _aLondon
_bJonathan Cape
_c1971
300 _avii, 416p.
350 _a0.00
995 _D0.00
_FCBU-MAIN LIBRARY (Kitwe)
_H1
_I0.95
_M1
_UAVAILABLE
_WSep 6, 2006
_ZMain Library Open Access Collection
995 _D0.00
_FCBU-MAIN LIBRARY (Kitwe)
_H2
_I0.95
_M2
_UAVAILABLE
_WSep 6, 2006
_ZMain Library Open Access Collection
999 _c81707
_d81707